000 00264nam a2200109Ia 4500
008 240625s9999 xx 000 0 und d
041 _aeng
082 _a658.84 KEN
100 _aLAUDON KENNETH C
245 _aE COMMERCE BUSINESS TECHNOLOGY SOCIETY
260 _c2016
999 _c39292
_d39292